F1 Circuits by locations - Statistics

General Stats
  • This quiz has been taken 64 times
  • The average score is 12 of 21
Answer Stats
Location Country % Correct
Suzuka Japan
100%
Silverstone United Kingdom
81%
Monte Carlo Monaco
77%
Hockenheim Germany
72%
Zandvoort Netherlands
72%
Imola Italy
70%
Spielberg Austria
68%
Sochi Russia
68%
Marina Bay Singapore
63%
Sepang Malaysia
60%
Sakhir Bahrain
58%
Lusail Qatar
58%
Magny-Cours France
54%
Yeongam South Korea
47%
Mogyoród Hungary
46%
Estoril Portugal
46%
Paradise United States
46%
Montmeló Spain
37%
Stavelot Belgium
26%
Greater Noida India
21%
Midrand South Africa
18%
No matching quizzes found
Score Distribution
Percent of People with Each Score
Percentile by Number Answered
Your Score History
You have not taken this quiz